Marketing book, fourth edition. (Record no. 344558)
[ view plain ]
| 000 -LEADER | |
|---|---|
| fixed length control field | 01839 a2200229 4500 |
| 020 ## - INTERNATIONAL STANDARD BOOK NUMBER | |
| International Standard Book Number | 0750641142 |
| 020 ## - INTERNATIONAL STANDARD BOOK NUMBER | |
| International Standard Book Number | 9780750641142 |
| 082 04 - DEWEY DECIMAL CLASSIFICATION NUMBER | |
| Classification number | 658.8 |
| 090 ## - LOCALLY ASSIGNED LC-TYPE CALL NUMBER (OCLC); LOCAL CALL NUMBER (RLIN) | |
| -- | 2055 |
| -- | 2055 |
| 245 00 - TITLE STATEMENT | |
| Title | Marketing book, fourth edition. |
| 250 ## - EDITION STATEMENT | |
| Edition statement | 4th ed. |
| 260 ## - PUBLICATION, DISTRIBUTION, ETC. | |
| Place of publication, distribution, etc. | [S.l.] : |
| Name of publisher, distributor, etc. | Butterworth-Heinemann, |
| Date of publication, distribution, etc. | 1999. |
| 300 ## - PHYSICAL DESCRIPTION | |
| Extent | 718 p. ; |
| Dimensions | 25 cm. |
| 490 1# - SERIES STATEMENT | |
| Series statement | Marketing series (london, england). |
| 500 ## - GENERAL NOTE | |
| General note | Paperback. |
| 520 ## - SUMMARY, ETC. | |
| Summary, etc. | This fourth edition of the best-selling Marketing Book has been extensively revised, updated and substantially extended. All the original chapters have been reviewed and many of them have been completely rewritten to reflect changes and trends in current marketing thinking and practice. Professor Michael Baker, with specially commissioned contributions from top UK marketing educators and writers, sets out the scope and nature of the marketing function, its managerial application and its contribution to corporate success. The Marketing Book is an indispensable reference work and textbook for students and practitioners, all over the world. It will be essential reading for those students taking CIM Certificate and Diploma, business studies management and marketing degrees, MBA, DMS, and BTEC Higher National and equivalent courses. Fourth edition of the best-selling Marketing Book Fully revised, updated and substantially extended. All the original chapters have been reviewed and many of them have been completely rewritten to reflect changes and trends in current marketing thinking and practice. |
| 700 1# - ADDED ENTRY--PERSONAL NAME | |
| Personal name | Baker, Michael. |
| 830 #0 - SERIES ADDED ENTRY--UNIFORM TITLE | |
| Uniform title | Marketing series (london, england). |
| 856 40 - ELECTRONIC LOCATION AND ACCESS | |
| Materials specified | Amazon.com |
| Uniform Resource Identifier | <a href="http://www.amazon.com/exec/obidos/ASIN/0750641142/chopaconline-20">http://www.amazon.com/exec/obidos/ASIN/0750641142/chopaconline-20</a> |
| 856 40 - ELECTRONIC LOCATION AND ACCESS | |
| Materials specified | Amazon customer reviews |
| Uniform Resource Identifier | <a href="http://www.chopac.org/cgi-bin/tools/azrev.pl?q=0750641142">http://www.chopac.org/cgi-bin/tools/azrev.pl?q=0750641142</a> |
| 942 ## - ADDED ENTRY ELEMENTS (KOHA) | |
| Institution code [OBSOLETE] | NBS |
| Koha item type | Book |
| Call number prefix | 658.8 BAK |
| Withdrawn status | Lost status | Damaged status | Not for loan | Permanent Location | Current Location | Date acquired | Total Checkouts | Full call number | Barcode | Date last seen | Price effective from | Koha item type |
|---|---|---|---|---|---|---|---|---|---|---|---|---|
| Central Library (CL) | Central Library (CL) | 08/28/2013 | 658.8 BAK | NBS4328 | 08/28/2013 | 08/28/2013 | Book |
